书目信息 |
| 题名: |
基础工程
|
|
| 作者: | 莫海鸿 主编 | |
| 分册: | ||
| 出版信息: | 北京 中国建筑工业出版社 2003.7 |
|
| 页数: | 373页 | |
| 开本: | 24cm | |
| 丛书名: | 面向21世纪课程教材 | |
| 单 册: | ||
| 中图分类: | TU36 , TU47 | |
| 科图分类: | ||
| 主题词: | 基础工程--高等学校--教材 , 地基--基础(工程) | |
| 电子资源: | ||
| ISBN: | 7-112-05803-1 | |
| 000 | 00938nam0 2200277 45 | |
| 001 | 012004000000 | |
| 005 | 20121010162532.25 | |
| 010 | @a7-112-05803-1@dCNY 33.00 | |
| 100 | @a20041009d2003 em y0chiy0121 ea | |
| 101 | 0 | @achi |
| 102 | @aCN@b110000 | |
| 105 | @aak z 000yy | |
| 200 | 1 | @a基础工程@Aji chu gong cheng@f莫海鸿等主编@Fmo hai hong deng zhu bian |
| 210 | @a北京@c中国建筑工业出版社@d2003.7 | |
| 215 | @a373页@c图, 表格@d24cm | |
| 225 | 2 | @a面向21世纪课程教材@dTextbook series for 21st century@i高校土木工程学科专业指导委员会规划推荐教材@zeng |
| 410 | 0 | @12001 @a面向21世纪课程教材 |
| 410 | 0 | @12001 @a高校土木工程学科专业指导委员会规划推荐教材 |
| 510 | 1 | @aTextbook series for 21st century@zeng |
| 606 | 0 | @a基础工程@x高等学校@j教材 |
| 606 | 0 | @a地基@x基础(工程) |
| 690 | @aTU36@v4 | |
| 690 | @aTU47@v4 | |
| 701 | 0 | @a莫海鸿@Amo hai hong@4主编 |
| 801 | 0 | @aCN@bNLC@c20041129 |
| 905 | @a10447@dTU47@eM852 | |
| 基础工程/莫海鸿等主编.-北京:中国建筑工业出版社,2003.7 |
| 373页:图, 表格;24cm.-(面向21世纪课程教材=Textbook series for 21st century.高校土木工程学科专业指导委员会规划推荐教材) |
| ISBN 7-112-05803-1:CNY 33.00 |
| ● |
| 相关链接 |
|
|
|
正题名:基础工程
索取号:TU47/M852
 
预约/预借
| 序号 | 登录号 | 条形码 | 馆藏地/架位号 | 状态 | 备注 |
| 1 | 427697 | 204276979 | 建筑库101/101建筑库 84排1列1层/ [索取号:TU47/M852] | 在馆 | |
| 2 | 427698 | 204276988 | 建筑库101/ [索取号:TU47/M852] | 在馆 | |
| 3 | 427699 | 204276997 | 建筑库101/101建筑库 84排1列1层/ [索取号:TU47/M852] | 在馆 | |
| 4 | 484769 | 204847693 | 土木与交通工程学院资料室/ [索取号:TU36/S4851] | 在馆 | |
| 5 | 484821 | 204848219 | 土木与交通工程学院资料室/ [索取号:TU47/M852] | 在馆 | |
| 6 | 484824 | 204848246 | 土木与交通工程学院资料室/ [索取号:TU47/M852] | 在馆 | |
| 7 | 484825 | 204848255 | 土木与交通工程学院资料室/ [索取号:TU47/M852] | 在馆 | |
| 8 | 485273 | 204852739 | 土木与交通工程学院资料室/ [索取号:TU47/M852] | 在馆 | |
| 9 | 485274 | 204852748 | 土木与交通工程学院资料室/ [索取号:TU47/M852] | 在馆 | |
| 10 | 487399 | 204873994 | 自科二线404/404自科库 26排1列3层/ [索取号:TU47/M852] | 在馆 |